000 00507nam a2200169 a 4500
001 000029949
005 20200930055931.0
008 110427s20uu dr ac 000 0 spa d
040 _aDO-SdBNP
_bspa
_cBNPHU
082 _axxx
_bM949d
100 1 _aMufdy, Rosalba
_956692
245 1 0 _aDelicias arabes :
_bEn espaƱol /
_cRosalba Mufdy.
260 _aSanto Domingo :
_b[s.n.],
_c[s.f.].
300 _a20 p. :
_bil., retrs. ;
_c28 cm.
590 _aLa biblioteca posee 3 ejemplares autografiados
049 _aBNPD
999 _c29441
_d29441